Datum a čas kvízu
25
Celkem bodů
Celkový počet nahraných bodů na tomto kvízu bez doplňovacích otázek.
3.
Pořadí na kvízu
Konečné umístění týmu na tomto kvízu.
Zaznamenané odpovědi
| # | Otázka | Odpověď | Body | Výsledky |
|---|---|---|---|---|
| 1. | Až na jih Moravy se zatoulal p... | D) pelikán | 0 | |
| 2. | Český řidič kamionu v pondělí... | B) do běžkařské stopy | 1 | |
| 3. | Britská kapela, která byla zal... | Black Sabbath | 0 | |
| 4. | Vláda jednoho jihoevropského s... | o Chorvatsku | 0 | |
| 5. | Která tenistka v pondělí na so... | Petra Kvitová | 1 | |
| 6. | Kterým podstatným jménem se oz... | bakteriofágy/fágy | 0 | |
| 7. | Který zvířecí přívlastek získa... | prasečí | 0 | |
| 8. | Přiřaďte viry k onemocněním, k... | 1D 2A 3B 4C | 1 | |
| 9. | Viry mají svou genetickou info... | U (uracil) | 0 | |
| 10. | Pandemie smrtících virů jsou v... | Inferno | 0 |